Librería de jueces (Record no. 8318)
[ view plain ]
| 000 -CABECERA | |
|---|---|
| campo de control de longitud fija | 01853nam a2200241 a 4500 |
| 001 - NÚMERO DE CONTROL | |
| campo de control | BRCA_8659 |
| 005 - FECHA Y HORA DE LA ÚLTIMA TRANSACCIÓN | |
| campo de control | 20190320210347.0 |
| 008 - DATOS DE LONGITUD FIJA--INFORMACIÓN GENERAL | |
| campo de control de longitud fija | 271016s2008----mx-a######---#000-0#spa-# |
| 041 ## - CÓDIGO DE LENGUA | |
| Código de lengua del texto/banda sonora o título independiente | spa |
| 044 ## - CÓDIGO DEL PAÍS DE LA ENTIDAD EDITORA/PRODUCTORA | |
| Código MARC del país | sp |
| 084 ## - OTRO NÚMERO DE CLASIFICACIÓN | |
| Número de clasificación | BE38 |
| Número de documento/Ítem | .M37 1772 |
| 100 1# - ENTRADA PRINCIPAL--NOMBRE DE PERSONA | |
| Nombre de persona | Martínez, Manuel Silvestre |
| 9 (RLIN) | 21602 |
| 245 10 - MENCIÓN DE TÍTULO | |
| Título | Librería de jueces |
| Resto del título | utilísima, y universal para todos los que desean imponerse en la Jurisprudencia Práctica, Derecho Real de España, y Reales Resoluciones mas modernas de rigorosa observancia: y en especial para Abogados, Alcaldes, Corregidores, Intendentes, Prelados Regulares, Jueces Eclesiasticos: Parrocos, Regidores, Escribanos: Diputados, y Personeros. |
| 260 ## - PUBLICACIÓN, DISTRIBUCIÓN, ETC. | |
| Lugar de publicación, distribución, etc. | Madrid |
| Nombre del editor, distribuidor, etc. | En la Imprenta de Blas Romàn |
| Fecha de publicación, distribución, etc. | 1772 |
| 300 ## - DESCRIPCIÓN FÍSICA | |
| Extensión | [24], 413p. (t.7) |
| Dimensiones | 21 x 15 cm. |
| 500 ## - NOTA GENERAL | |
| Nota general | En portada: En que se hace UNIVERSAL EXPOSICION decisiva de todas las Leyes, y Autos Acordados de los Libros IV. V. y VI. de la Recopilacion Novisima, y de los 78. titulos de que se componen, por el orden metódico de la impresion del año de 1745. Y asimismo de las posteriores Reales Resoluciones, Cedulas, Ordenanzas, Provisiones, Leyes, y Pragmaticas no Recopiladas, que declaran, derogan, ò renuevan las antiguas Disposiciones, ó dan otras nuevas Reglas, y se colocan las mas à la letras en el lugar, y Titulos á que corresponden, segun los tiempos de su promulgacion; con que se demuestran las variaciones que ha havido desde la primitiva impresion del año de 1567. hasta el presente de 1772 |
| 500 ## - NOTA GENERAL | |
| Nota general | En portada: Dedicado al EXCMO. SR. CONDE de ARANDA |
| 500 ## - NOTA GENERAL | |
| Nota general | Estado físico: presenta guardas y algunas hojas manchadas, y cintas rotas |
| 500 ## - NOTA GENERAL | |
| Nota general | Libro en sala de exhibiciones artes decorativas 1, dentro del Museo Franz Mayer |
| 650 14 - PUNTO DE ACCESO ADICIONAL DE MATERIA--TÉRMINO DE MATERIA | |
| Término de materia o nombre geográfico como elemento de entrada | Derecho civil |
| Subdivisión cronológica | Obras anteriores a 1800 |
| Subdivisión geográfica | España |
| 9 (RLIN) | 21603 |
| 902 ## - CATALOGADOR | |
| Iniciales | CFM |
| 942 ## - ELEMENTOS DE PUNTO DE ACCESO ADICIONAL (KOHA) | |
| Fuente del sistema de clasificación o colocación | Library of Congress Classification |
| Tipo de ítem Koha | Libros |
| Estado de retiro | Estado de pérdida | Fuente del sistema de clasificación o colocación | Estado dañado | No para préstamo | Código de colección | Localización permanente | Ubicación/localización actual | Fecha de adquisición | Fuente de adquisición | Total de préstamos | Signatura topográfica completa | Código de barras | Fecha visto por última vez | Precio válido a partir de | Tipo de ítem Koha |
|---|---|---|---|---|---|---|---|---|---|---|---|---|---|---|---|
| El ejemplar forma parte de la colección y puede ser consultado según las políticas vigentes. | Library of Congress Classification | Conventual Franz Mayer | Biblioteca del Museo Franz Mayer (Rogerio Casas-Alatriste) | Biblioteca del Museo Franz Mayer (Rogerio Casas-Alatriste) | 27/10/2016 | Donación | BE38 .M37 1772 | CFM00035 | 22/03/2019 | 22/03/2019 | Libros |